000 00525cam a2200169 4500500
005 20260405001301.0
041 _afre
042 _adc
100 1 0 _aLequin, Mathilde
_eauthor
245 0 0 _aÉquateur/ îles Galapagos. L’odyssée de Darwin
260 _c2012.
500 _a14
690 _aDarwin
690 _aVivant
786 0 _nPhilosophie magazine | 58 | 4 | 2012-04-01 | p. 32-32 | 1951-1787
856 4 1 _uhttps://shs.cairn.info/magazine-philosophie-magazine-2012-4-page-32?lang=fr&redirect-ssocas=7080
999 _c2045931
_d2045931